000 01508nam0a22004211 4500
001 v19\rc\1739925
005 20260406160559.0
035 _a(NLR Aleph) 005248086
090 _a5775093
_c5775093
100 _a20061204d1902 u y0rusy50 ca
101 0 _arus
102 _aRU
105 _aac z |||cb
200 1 _aБайрон
_eБиогр. очерк
_fАлексей Веселовский
_gС 2 фототип. работы К.А. Фишера
210 _aМосква
_cскл. у авт.
_d1902
215 _aVI, 306, VI с., 2 л. ил. и портр.
_d23
532 1 3 _aБайрон
700 1 _7ca
_8rus
_aВеселовский
_bА. Н.
_f1843-1918
_gАлексей Николаевич
_971573
_3RU\NLR\AUTH\7788645
702 1 _4570
_7ca
_8rus
_aБайрон
_bД. Г.
_f1788-1824
_gДжордж Гордон
_9118209
_3RU\NLR\AUTH\778298
702 1 _4440
_7ca
_8rus
_aФишер
_bК. А.
_cфотограф
_f1859-
_gКарл Андреевич
_967152
_3RU\NLR\AUTH\7784224
801 0 _aRU
_bNLR
_gpsbo
801 0 _aRU
_bRuMoRGB
_2psbo
801 1 _aRU
_bProSoft-M
_2rusmarc
801 2 _aRU
_bNLR
_c20100507
_2rusmarc
852 _aNLR
_j37.64.3.3
852 _aNLR
_j127/2057
899 _aRuMoRGB
_jE 82/1336
899 _aRuMoRGB
_jD 34/74
899 _aRuMoRGB
_jРб 9/40
899 _aRuMoRGB
_j801-83/18491-5
899 _aБАН
899 _aНБ СПбГУ
899 _aГПИБ
899 _aНБ МГУ
899 _aRuMoRGB
_jE 68/206
942 _cBOOK
980 _aNB